000 01306nam0a22003011 4500
001 rc\4321661
005 20130416132037.7
021 _aRU
_b[60-17710]
035 _a(NLR Aleph) 008512530
090 _a8177841
_c8177841
100 _a20130416d1960 |||y0rusy50 ca
101 1 _arus
_ceng
102 _aRU
105 _aa z |||||
200 1 _aГорячие лаборатории и их оборудование
_eМатериалы Шестой Америк. конференции
_e(Пер. с англ.)
_fПод ред. канд. техн. наук Н.Ф. Правдюка и Г.Н. Яковлева
210 _aМосква
_cАтомиздат
_d1960
215 _a338 с.
_cил.
_d22
300 _aДоп. тит. л.: Hot laboratories and equipment sixth conference. March. 19-21, 1958. Chicago, Intern. Amphitheatre. (Nuclear congress. 1958)
320 _aБиблиогр. в конце докладов
513 0 _aHot laboratories and equipment sixth conference
606 _aЛаборатории горячие
_jСборники
_2psbo
702 1 _aПравдюк
_bН. Ф.
_gНиколай Федорович
_4340
702 1 _aЯковлев
_bГ. Н.
_4340
801 0 _aRU
_bNLR
_gpsbo
801 1 _aRU
_bELAR
_2rusmarc
852 _aNLR
_j60-5/1039
942 _cBOOK
980 _aNB